000 00499nam a22001811c 4500
001 a987680715
008 060609s2006 gw |||| 000u rus d
020 _a5235028511
_95-235-02851-1
041 _arus
100 1 _aLota, Vladimir
245 0 0 _aTajnye operacii Vtoroj mirovoj :
_bKniga o voennoj razvedke 1944 god
264 _aMoskva :
_bMolodaja gvardija,
_c2006
300 _a397 S.
942 _cMG
040 _cRU-10907106
003 RU-10907106
999 _c20698
_d20698
490 0 _aRazvedka : otkrytye materialy